000 00646 a2200193 4500
999 _c3268
_d3268
020 _a0333802705
050 0 0 _aPR 57 MIL 2001
100 1 _aMiller, Lindy.
_eauthor
245 1 0 _aMastering practical criticism /
_cLindy Miller.
264 _aNew York
_bPalgrave
_c2001
300 _ax, 274 p. ;
440 0 _aPalgrave master series
500 _aIncludes Index
504 _aIncludes bibliographical references
650 0 _aEnglish literature
_xCriticism, Textual.
650 0 _aCriticism, Textual.
942 _2lcc
_cBK
_h57
_iMIL
_kPR